00371pab a2200145 454500008004000000100001800040245002800058260000900086300001200095362001000107650003600117650002900153650002800182773001500210180718b1997 xxu||||| |||| 00| 0 eng d aPatil, Sharad aInvade Bihar with Vihar c1997 ap.27-30 a2 Aug aBihar - Politics and government aViolence - India - Bihar aPolitics and government aMainstream